The quilt from the flea-market and other stories (Record no. 142673)
[ view plain ]
| 000 -LEADER | |
|---|---|
| fixed length control field | 00611nam a22001937a 4500 |
| 005 - DATE AND TIME OF LATEST TRANSACTION | |
| control field | 20170718163106.0 |
| 010 ## - LCCN (DPL NO) | |
| LC control number | ENG-119361 |
| 020 ## - INTERNATIONAL STANDARD BOOK NUMBER | |
| International Standard Book Number | 9788123780160 |
| Terms of availability | 215.00 |
| 035 ## - SYSTEM CONTROL NUMBER | |
| System control number | EN-102893 |
| 037 ## - SOURCE OF ACQUISITION | |
| Source of stock number/acquisition | DBAD/PUB |
| 082 ## - DEWEY DECIMAL CLASSIFICATION NUMBER | |
| Classification number | S |
| 100 ## - MAIN ENTRY--PERSONAL NAME | |
| Personal name | Joshi, Umashankar |
| 245 ## - TITLE STATEMENT | |
| Title | The quilt from the flea-market and other stories |
| Statement of responsibility, etc | by Umashankar Joshi ; compiled Svati Joshi |
| 260 ## - PUBLICATION, DISTRIBUTION, ETC. (IMPRINT) | |
| Name of publisher, distributor, etc | National Book Trust |
| Date of publication, distribution, etc | 2017 |
| Place of publication, distribution, etc | New Delhi |
| 270 ## - ADDRESS | |
| Address | Nehru bhawan, 5 institutional area, phase-II vasant kunj |
| City | New Delhi |
| Postal code | 110070 |
| 300 ## - PHYSICAL DESCRIPTION | |
| Extent | xiii,209p. |
| Dimensions | 17cm(pbk) |
| 700 ## - ADDED ENTRY--PERSONAL NAME | |
| Personal name | Svati Joshi |
| 942 ## - ADDED ENTRY ELEMENTS (KOHA) | |
| Source of classification or shelving scheme | Dewey Decimal Classification |
| Item type | English Books |
| Classification part | S |
| Call number suffix | JOS |
| Withdrawn status | Lost status | Not for loan | Collection code | Home library | Current library | Date acquired | Source of acquisition | Cost, normal purchase price | Full call number | Barcode | Copy number | Cost, replacement price | Koha item type |
|---|---|---|---|---|---|---|---|---|---|---|---|---|---|
| Not For Loan | Fiction | D.B.Act.Division | D.B.Act.Division | 18/07/2017 | DBAD/PUB | 215.00 | S JOS | EN-102893 | 1 | 215.00 | English Books |
